000 00839nam a22002177a 4500
999 _c7663
_d7663
003 AR-CdUCM
008 190321b ||||| |||| 00| 0 spa d
040 _aMUNICIPALIDAD PROVINCIAL DEL CUSCO
_cBIBLIOTECA MUNICIPAL DEL CUSCO
082 _a985.008 /
_bD85C
245 _aDocumental del Perú :
_bprovincia constitucional del Callao /
260 _aLima :
_bIOOPE,
_c1967.
300 _a158 páginas ;
_bImágenes.
_c21 cm.
500 _aDonación familia Nieto.
505 _aContenido: La ciudad y el puerto -- Los distritos -- La independencia: puerto estratégico -- Punto de partida de científicos y aventureros -- Platos tipicos chalacos ...
650 _aCallao
_921640
650 _aCultura
_9126
650 _aEscuela naval
_921641
700 _aCortazar, Pedro Felipe (director)
_917387
942 _2ddc
_cLIBROS
945 _aafb